Oratoria sagrada o, colección escojida de sermones de oradores sagrados americanos
Αποθηκεύτηκε σε:
| Κύριος συγγραφέας: | |
|---|---|
| Μορφή: | Βιβλίο |
| Γλώσσα: | Ισπανικά |
| Έκδοση: |
Santiago
Independiente
1868
|
| Έκδοση: | 1a. ed |
| Θέματα: | |
| Ετικέτες: |
Προσθήκη ετικέτας
Δεν υπάρχουν, Καταχωρήστε ετικέτα πρώτοι!
|
MARC
| LEADER | 00000nam a2200000 a 4500 | ||
|---|---|---|---|
| 001 | UCJ6233 | ||
| 003 | CL-VaPUC | ||
| 008 | 070124e18680415CL |||||||||||||||||spa|d | ||
| 082 | 0 | 4 | |a 264 |b FUE |2 21 |
| 100 | 0 | |a Fuente, P. G. de la |e author |9 512623 | |
| 245 | 1 | 0 | |a Oratoria sagrada o, colección escojida de sermones de oradores sagrados americanos |
| 250 | |a 1a. ed | ||
| 300 | |a 573 p | ||
| 942 | |c BK | ||
| 945 | |d 20070124 00:00:00 |a rinostro | ||
| 260 | |a Santiago |b Independiente |c 1868 | ||
| 500 | |a 4§.- Anteport.- v. en b.- Port.- v.: Nota relativa al depósito legal.- Licencias eclesiásticas.- Retratos de Don Rafael Valentín Valdivieso.- En biblioteca sólo vol. I; la c.2 carece de portada, comenzando con el retrato ya citado | ||
| 500 | |a Donación Padres Capuchinos | ||
| 600 | 0 | 7 | |a AGUSTIN DE HIPONA |2 CL-VaPUC |9 512434 |
| 600 | 0 | |a Ignacio de Loyola, Santo |d 1491-1556 |9 392145 | |
| 600 | 0 | 7 | |a TERESA DE JESUS |2 CL-VaPUC |9 399268 |
| 600 | 0 | 7 | |a MARTIN DE PORRES |2 CL-VaPUC |9 433064 |
| 600 | 0 | 7 | |a GREGORIO XVI, PAPA |2 CL-VaPUC |9 512624 |
| 600 | 0 | 7 | |a MASIAS, JUAN |2 CL-VaPUC |9 512625 |
| 600 | 0 | |a Portales y Palazuelos, Diego, |d 1793-1837 |9 255516 | |
| 600 | 0 | |a Pérez, José Joaquín |9 315171 | |
| 600 | 0 | 7 | |a VICUÑA, MANUEL JOSE DE LOS DOLORES |2 CL-VaPUC |9 512626 |
| 650 | 0 | |a Oratoria sagrada |9 315619 | |
| 650 | 0 | |a Guerra contra la confederación |9 506371 | |
| 650 | 7 | |a HONRAS FUNEBRES |2 CL-VaPUC |9 504232 | |
| 650 | 0 | |a Teología dogmática |9 313198 | |
| 650 | 0 | |a Mariología |9 365249 | |
| 650 | 7 | |a DOGMA DE LA INMACULADA CONCEPCION |2 CL-VaPUC |9 512627 | |
| 650 | 0 | |a Documentos pontificios |9 255642 | |
| 650 | 7 | |a SANTOS AMERICANOS |2 CL-VaPUC |9 506101 | |
| 650 | 7 | |a MORAL CATOLICA |2 CL-VaPUC |9 480577 | |
| 650 | 0 | |a Juegos de azar |9 388005 | |
| 650 | 0 | |a Iconografía |9 267998 | |
| 650 | 7 | |a INCENDIO DE LA COMPAÑIA |2 CL-VaPUC |9 445733 | |
| 651 | 0 | |a Santiago |9 265444 | |
| 651 | 7 | |a LIMA |2 CL-VaPUC |9 350186 | |
| 651 | 0 | |a Valparaíso, Chile |9 261144 | |
| 583 | |a last modification |c 20070124 00:00:00 |k Rodrigo Vera | ||
| 999 | |c 322341 |d 322339 | ||
| 952 | |0 0 |1 0 |4 0 |6 264_000000000000000_FUE_1868 |7 0 |8 X |9 401308 |a FDOBUD |b FDOBUD |d 2019-11-22 |i 1045563 |o 264 FUE 1868 |p 1045563 |r 2019-11-22 |w 2019-11-22 |y BK_X |k BUD | ||
| 952 | |0 0 |1 0 |4 0 |6 264_000000000000000_FUE_1868 |7 0 |8 X |9 401309 |a FDOBUD |b FDOBUD |d 2019-11-22 |i 1045571 |o 264 FUE 1868 |p 1045571 |r 2019-11-22 |w 2019-11-22 |y BK_X |k BUD | ||
| 952 | |0 0 |1 0 |4 0 |6 264_000000000000000_FUE_1868 |7 0 |8 X |9 401310 |a FDOBUD |b FDOBUD |d 2019-11-22 |h v.1 |i 4443195 |o 264 FUE 1868 |p 4443195 |r 2019-11-22 |w 2019-11-22 |y BK_X |k BUD | ||